Current MLB players alltime home runs - Statistics

General Stats
  • This quiz has been taken 34 times
    18 since last reset
  • The average score is 22 of 25
Answer Stats
Rank Home Runs Team Position Answer % Correct
3. 384 Yankees OF Aaron Judge
100%
6. 373 Phillies 1B Bryce Harper
100%
7. 371 Dodgers 1B Freddie Freeman
100%
16. 295 Blue Jays OF George Springer
100%
1. 456 Yankees DH Giancarlo Stanton
100%
22. 258 Astros 2B Jose Altuve
100%
18. 291 Guardians 3B Jose Ramirez
100%
9. 356 Phillies DH Kyle Schwarber
100%
4. 375 Padres 3B Manny Machado
100%
2. 415 Angels OF Mike Trout
100%
5. 375 Yankees 1B Paul Goldschmidt
100%
13. 308 Royals C Salvador Perez
100%
19. 286 Dodgers DH Shohei Ohtani
100%
20. 281 Mets SS Francisco Lindor
93%
14. 302 Braves 1B Matt Olson
93%
8. 359 Diamondbacks 3B Nolan Arenado
93%
21. 272 Orioles 1B Pete Alonso
93%
25. 248 Mets OF Juan Soto
87%
17. 293 Dodgers SS Mookie Betts
87%
12. 328 Reds 3B/DH Eugenio Suarez
80%
11. 333 Rangers OF Andrew McCutchen
73%
15. 300 Pirates OF/DH Marcell Ozuna
67%
23. 255 Mets SS Marcus Semien
67%
10. 335 Diamondbacks 1B Carlos Santana
53%
24. 252 Padres OF/DH Nick Castellanos
47%
No matching quizzes found
Score Distribution
Percent of People with Each Score
Percentile by Number Answered
Your Score History
You have not taken this quiz since the last reset